| 000 | 00374nam a2200121Ia 4500 | ||
|---|---|---|---|
| 008 | 171204s9999 xx 000 0 und d | ||
| 100 | _a-- | ||
| 245 | _aUnderstanding Abnormal Behavior: | ||
| 245 | _cDavid Sue, Derald Wing Sue, Diane M. Sue, and Stanley Sue | ||
| 260 | _c2015 | ||
| 650 | _xABNORMAL PSYCHOLOGY | ||
| 856 | _uhttp://down.ebook777.com/027/UndAbnBeh(11Edi.pdf | ||
| 999 |
_c346400 _d346400 |
||